Growing old in young india : (Record no. 124102)

MARC details
000 -LEADER
fixed length control field 00761nam a22002297a 4500
005 - DATE AND TIME OF LATEST TRANSACTION
control field 20170124105934.0
010 ## - LIBRARY OF CONGRESS CONTROL NUMBER
LC control number A-770257
020 ## - INTERNATIONAL STANDARD BOOK NUMBER
Terms of availability 90.00
International Standard Book Number 8172650191
035 ## - SYSTEM CONTROL NUMBER
System control number A-770257
037 ## - SOURCE OF ACQUISITION
Source of stock number/acquisition Cen Lib/Ret
040 ## - CATALOGING SOURCE
Original cataloging agency DPL
Language of cataloging EN
082 ## - DEWEY DECIMAL CLASSIFICATION NUMBER
Classification number 305.2
Item number BAM
100 ## - MAIN ENTRY--PERSONAL NAME
Personal name Bambawale, Usha
9 (RLIN) 9281
245 ## - TITLE STATEMENT
Title Growing old in young india :
Statement of responsibility, etc by Usha Bambawale
Remainder of title a sociological study of women and ageing /
260 ## - PUBLICATION, DISTRIBUTION, ETC. (IMPRINT)
Place of publication, distribution, etc Pune
Date of publication, distribution, etc 1993
Name of publisher, distributor, etc Snehavardhan Publishing House
270 ## - ADDRESS
City Pune
Postal code 411008
Address 4, sharda pashan road
300 ## - PHYSICAL DESCRIPTION
Extent iii, 166p.
Dimensions 20cm(Hb)
500 ## - GENERAL NOTE
General note Includes bibliographical references
650 ## - SUBJECT ADDED ENTRY--TOPICAL TERM
Topical term or geographic name as entry element Older people--Psychology
9 (RLIN) 73780
650 ## - SUBJECT ADDED ENTRY--TOPICAL TERM
Topical term or geographic name as entry element Older people--Social conditions
9 (RLIN) 73781
942 ## - ADDED ENTRY ELEMENTS (KOHA)
Source of classification or shelving scheme Dewey Decimal Classification
Koha item type English Books
Classification part 305.2
Call number suffix BAM
Holdings
Withdrawn status Lost status Damaged status Not for loan Home library Current library Date acquired Source of acquisition Cost, normal purchase price Total Checkouts Full call number Barcode Date last seen Copy number Cost, replacement price Price effective from Koha item type
        Central Library Central Library 13/06/2015 Cen Lib/Ret 90.00   305.2 BAM A-770257 13/06/2015 1 90.00 13/06/2015 English Books

© Delhi Public Library
Hit Counter
free hit counter